Tính chất điện hóa của vật liệu LTO cho hệ lai pin - tụ : Luận văn thạc sĩ. Chuyên ngành Hóa lý thuyết và hóa lý

Điều chế LTO; phân tích cấu trúc và hình thái vật; khảo sát tính chất điện hóa của vật liệu

Guardat en:
Dades bibliogràfiques
Autor principal: Nguyễn, Hữu Trứ
Format: Llibre
Idioma:Undetermined
Publicat: Cần Thơ Trường Đại học Cần Thơ 2016
Matèries:
Etiquetes: Afegir etiqueta
Sense etiquetes, Sigues el primer a etiquetar aquest registre!
Thư viện lưu trữ: Trung tâm Học liệu Trường Đại học Cần Thơ
LEADER 00974nam a2200217Ia 4500
001 CTU_213201
008 210402s9999 xx 000 0 und d
082 |a 621.312423 
082 |b Tr550 
088 |a 60440119 
100 |a Nguyễn, Hữu Trứ 
245 0 |a Tính chất điện hóa của vật liệu LTO cho hệ lai pin - tụ : 
245 0 |b Luận văn thạc sĩ. Chuyên ngành Hóa lý thuyết và hóa lý 
245 0 |c Nguyễn Hữu Trứ ; Trần Văn Mẫn (Hướng dẫn khoa học) 
260 |a Cần Thơ 
260 |b Trường Đại học Cần Thơ 
260 |c 2016 
520 |a Điều chế LTO; phân tích cấu trúc và hình thái vật; khảo sát tính chất điện hóa của vật liệu 
650 |a Fuel cell industry,Công nghệ pin nhiên liệu 
904 |i Nguyên 
980 |a Trung tâm Học liệu Trường Đại học Cần Thơ